Länder, die Barbados am Nächsten Liegen - Sudden Death - Statistiken

Allgemein
  • Dieses Quiz wurde 25 mal gespielt
  • Das Durchschnittsergebnis liegt bei 9 aus 15
Answers on the Grid
Answers color-coded by a green-red scale on the quiz's grid according to % correct below.
St. Lucia
St. Vincent und die Grenadinen
Grenada
Trinidad und Tobago
Dominica
Venezuela
Antigua und Barbuda
Guyana
St. Kitts und Nevis
Surinam
Brasilien
Dominikanische Republik
Kolumbien
Haiti
Bahamas
Kuba
Jamaika
Vereinigte Staaten
Kanada
Mexiko
Guatemala
El Salvador
Belize
Honduras
Nicaragua
Costa Rica
Panama
Ecuador
Bolivien
Peru
 
Antwortstatistiken
Antwort % Korrekt
St. Lucia
94%
St. Kitts und Nevis
83%
St. Vincent und die Grenadinen
83%
Trinidad und Tobago
83%
Dominica
72%
Antigua und Barbuda
67%
Dominikanische Republik
67%
Grenada
61%
Surinam
61%
Guyana
56%
Haiti
44%
Brasilien
39%
Venezuela
33%
Bahamas
22%
Kolumbien
11%
Keine übereinstimmenden Quizze gefunden
Verteilung der Resultate
Anzahl Personen mit jedem Resultat
Perzentil nach korrekt beantworteten Fragen
Ihre Resultats-Entwicklung
Sie haben dieses Quiz noch nicht gespielt